000 00352cam a22001217a 4500
008 180718b1986 xxu||||| |||| 00| 0 eng d
082 _aF5x54 Sh15
100 _aShakir, Moin
245 _aState and politics in contemporary India
_cby Moin Shakir
260 _aDelhi
_bAjanta
_c1986
300 _a209p.
650 _aIndia --Politics and government --1947-
999 _c354169
_d354169